Burzián
Uložené v:
| Médium: | Seriál |
|---|---|
| Jazyk: | Slovak English |
| Vydavateľské údaje: |
Bratislava
Bratislavská opčná burza
1995
|
| Predmet: | |
| Tagy: |
Žiadne tagy, Buďte prvý, kto otaguje tento záznam!
|
MARC
| LEADER | 00000nas2a2200000 4500 | ||
|---|---|---|---|
| 001 | s102149 | ||
| 005 | 20080612113121.4 | ||
| 041 | 0 | |a slo | |
| 041 | 0 | |a eng | |
| 044 | |a SK | ||
| 245 | 1 | 0 | |a Burzián |
| 264 | 1 | |a Bratislava |b Bratislavská opčná burza |c 1995 | |
| 300 | |a 1 zv. | ||
| 773 | 0 | |w eu_un_cat*s120588 | |
| 610 | 2 | 0 | |a burzy opčné |